ბათუმის შოთა რუსთაველის სახელმწიფო უნივერსიტეტის ბიბლიოთეკა

ჯვაროსნები : [რომანი] / (ბიბ.ჩანაწერი № 59082)

000 -ლიდერი
ფიქსირებული სიგრძის საკონტროლო ველი 01181nam a22002177a 4500
003 - საკონტროლო ნომრის იდენტიფიკატორი
საკონტროლო ველი Ge_BSU
005 - ბოლო ოპერაციის თარიღი და დრო
საკონტროლო ველი 20221122112844.0
008 - ფიქსირებული სიგრძის მონაცემთა ელემენტები - ზოგადი ინფორმაცია
ფიქსირებული სიგრძის საკონტროლო ველი 221122s1977ge xxu||||| |||| 00| 0 geo d
041 ## - ენის კოდი
Language code of text/sound track or separate title geo
080 ## - უნივერსალური ათობითი კლასიფიკაციის ინდექსი
Universal Decimal Classification number 821.162.1-31 ს-41
100 ## - მთავარი ჩანაწერი - პიროვნების სახელი
Personal name სენკევიჩი, ჰენრიკ, ავტ.
9 (RLIN) 15974
245 ## - ცნობა სათაურის შესახებ
Title ჯვაროსნები : [რომანი] /
Statement of responsibility, etc ჰ. სენკევიჩი ; წინასიტყვ. ავტ.: ს. რავიჩი ; თარგმნა ვ. ძიძიგურმა
264 ## - წარმოების, გამოცემის, დისტრიბუციის და სხვა ცნობები
გამოცემის, წარმოების, დისტრიბუციის... ადგილი თბილისი :
გამოცემის, წარმოების, დისტრიბუციის... სახელწოდება საბჭოთა საქართველო,
გამოცემის, წარმოების, დისტრიბუციის... თარიღი 1977.
300 ## - ფიზიკური აღწერა
Extent 927 გვ. :
Dimensions 21 სმ.
440 ## - სერიის ცნობა / დამატებულია ჩანაწერი - სათაური
Title მსოფლიო ლიტერატურის ბიბლიოთეკა ; ტ. 65. სერია I
9 (RLIN) 15975
653 ## - INDEX TERM--UNCONTROLLED
Uncontrolled term ჯვაროსნები : [რომანი]
653 ## - INDEX TERM--UNCONTROLLED
Uncontrolled term მხატვრული ლიტერატურა
700 ## - ADDED ENTRY--PERSONAL NAME
Personal name რავიჩი , ს
Relator term წინასიტყვაობის ავტორი
9 (RLIN) 15976
700 ## - ADDED ENTRY--PERSONAL NAME
Personal name ძიძიგური, ვ
Relator term მთარგმნელი
9 (RLIN) 3813
942 ## - ADDED ENTRY ELEMENTS (KOHA)
Source of classification or shelving scheme
Koha item type წიგნი
ეგზემპლარები
ჩამოწერის სტატუსი დაკარგული ეგზემპლარის სტატუსი კლასიფიკაციის წყარო ან თაროზე გაწყობის სქემა დაზიანების სტატუსი არ გაიცემა მუდმივი მდებარეობა (დაცვის ადგილი) ამჟამინდელი ადგილსამყოფელი თაროზე განთავსების ადგილი შეძენის თარიღი ღირებულება, შესყიდვის ნორმალური ფასი სრული შენახვის შიფრი შტრიხკოდი ბოლო ოპერაციის თარიღი ეგზემპლარის მიმდევრობითი ნომერი (კეტერი?) ფასის ძალაში შესვლის თარიღი ეგზემპლარის სახეობა საჯარო შენიშვნა
          ბათუმის შოთა რუსთაველის სახელმწიფო უნივერსიტეტის მთავარი ბიბლიოთეკა ბათუმის შოთა რუსთაველის სახელმწიფო უნივერსიტეტის მთავარი ბიბლიოთეკა წიგნსაცავი 2022-11-22 10.00 821.162.1-31 ს-41 63146 2022-11-22 63146 2022-11-22 წიგნი 10.00